000 00929nam a22002537a 4500
999 _c14978
_d14978
003 MIRAKIL
005 20220901133122.0
008 220901b tu ||||| |||| 00| 0 tur d
020 _a9786254051081
040 _aTR-AnCHP
_cTR-AnCHP
041 _aTur
082 _a956.1015
_bA92o 2020
100 _aAyalon, Yaron
245 1 0 _aOsmanlı İmparatorluğu’nda doğal afetler :
_bveba, kıtlık ve diğer felaketler/
_cYaron Ayalon ; çeviren: Zeynep Rona
246 _aveba, kıtlık ve diğer felaketler
260 _aİstanbul :
_bTürkiye İş Bankası Kültür Yayınları,
_c2020.
300 _axıv, 306 s.:
_c23 sm.
490 0 _aTürkiye İş Bankası Kültür Yayınları;
_vGenel yayın: 4936
504 _aKaynakça ve dizin vardır.
650 0 _9710
_aOsmanlı İmparatorluğu
_xDoğal afetler
700 _97169
_aRona, Zeynep
_eçev.
740 _aveba, kıtlık ve diğer felaketler
942 _2ddc
_cBKS